О селекции колебаний в релятивистской лампе обратной волны дециметрового диапазона длин волн на основе коаксиального волновода; Письма в Журнал технической физики; Т. 40, вып. 4

Dettagli Bibliografici
Parent link:Письма в Журнал технической физики/ Российская академия наук (РАН), Физико-технический институт им. А. Ф. Иоффе (ФТИ) ; Отделение общей физики и астрономии РАН.— , 1975-
Т. 40, вып. 4.— 2014.— [С. 23-32]
Ente Autore: Национальный исследовательский Томский политехнический университет (ТПУ) Институт физики высоких технологий (ИФВТ)
Altri autori: Тотьменинов Е. М. Евгений Маркович, Климов А. И. Алексей Иванович, Конев В. Ю. Владимир Юрьевич, Пегель И. В. Игорь Валериевич, Ростов В. В. Владислав Владимирович, Цыганков Р. В. Руслан Вячеславович, Тараканов В. П. Владимир Павлович
Riassunto:Заглавие с экрана
Теоретически и экспериментально исследована конкуренция колебаний в релятивистской лампе обратной волны (РЛОВ) на основе коаксиального волновода. Показано, что стартовый ток для несимметричных волн магнитного типа TEm1 ниже, чем для ТЕМ-волны. Преимущественное возбуждение таких волн подтверждено в численных расчетах с помощью кода КАРАТ. В экспериментальном макете прибора для подавления возбуждения несимметричных колебаний внутренний проводник коаксиального волновода снабжен продольными разрезами. В результате осуществлен режим устойчивой генерации на ТЕМ-волне с частотой 1.23 GHz, пиковой мощностью 260 MW и эффективностью преобразования мощности электронного пучка в мощность излучения 28% при длительности СВЧ-импульса 33 ns.
Lingua:russo
Pubblicazione: 2014
Soggetti:
Accesso online:http://journals.ioffe.ru/articles/27315
Natura: Elettronico Capitolo di libro
KOHA link:https://koha.lib.tpu.ru/cgi-bin/koha/opac-detail.pl?biblionumber=653591

MARC

LEADER 00000naa0a2200000 4500
001 653591
005 20250227145404.0
035 |a (RuTPU)RU\TPU\network\19074 
090 |a 653591 
100 |a 20170316d2014 k||y0rusy50 ca 
101 0 |a rus 
102 |a RU 
135 |a drgn ---uucaa 
181 0 |a i  
182 0 |a b 
200 1 |a О селекции колебаний в релятивистской лампе обратной волны дециметрового диапазона длин волн на основе коаксиального волновода  |d Mode selection in an S-band relativistic backward wave oscillator based on a coaxial waveguide  |f Е. М. Тотьменинов [и др.] 
203 |a Текст  |c электронный 
300 |a Заглавие с экрана 
320 |a [Библиогр.: 9 назв.] 
330 |a Теоретически и экспериментально исследована конкуренция колебаний в релятивистской лампе обратной волны (РЛОВ) на основе коаксиального волновода. Показано, что стартовый ток для несимметричных волн магнитного типа TEm1 ниже, чем для ТЕМ-волны. Преимущественное возбуждение таких волн подтверждено в численных расчетах с помощью кода КАРАТ. В экспериментальном макете прибора для подавления возбуждения несимметричных колебаний внутренний проводник коаксиального волновода снабжен продольными разрезами. В результате осуществлен режим устойчивой генерации на ТЕМ-волне с частотой 1.23 GHz, пиковой мощностью 260 MW и эффективностью преобразования мощности электронного пучка в мощность излучения 28% при длительности СВЧ-импульса 33 ns. 
461 |t Письма в Журнал технической физики  |f Российская академия наук (РАН), Физико-технический институт им. А. Ф. Иоффе (ФТИ) ; Отделение общей физики и астрономии РАН  |d 1975- 
463 |t Т. 40, вып. 4  |v [С. 23-32]  |d 2014 
510 1 |a Mode selection in an S-band relativistic backward wave oscillator based on a coaxial waveguide  |z eng 
610 1 |a электронный ресурс 
610 1 |a труды учёных ТПУ 
610 1 |a обратные волны 
610 1 |a колебания 
610 1 |a коаксиальные волноводы 
701 1 |a Тотьменинов  |b Е. М.  |g Евгений Маркович 
701 1 |a Климов  |b А. И.  |c специалист в области электроники  |c доцент Томского политехнического университета, кандидат физико-математических наук  |f 1955-  |g Алексей Иванович  |3 (RuTPU)RU\TPU\pers\31691 
701 1 |a Конев  |b В. Ю.  |g Владимир Юрьевич 
701 1 |a Пегель  |b И. В.  |c специалист в области автоматики и электроники  |c профессор Томского политехнического университета, доктор физико-математических наук  |f 1964-  |g Игорь Валериевич  |3 (RuTPU)RU\TPU\pers\29394 
701 1 |a Ростов  |b В. В.  |g Владислав Владимирович 
701 1 |a Цыганков  |b Р. В.  |g Руслан Вячеславович 
701 1 |a Тараканов  |b В. П.  |g Владимир Павлович 
712 0 2 |a Национальный исследовательский Томский политехнический университет (ТПУ)  |b Институт физики высоких технологий (ИФВТ)  |3 (RuTPU)RU\TPU\col\17233 
801 2 |a RU  |b 63413507  |c 20170328  |g RCR 
856 4 |u http://journals.ioffe.ru/articles/27315 
942 |c CF